01005nam a2200241 a 450000100100000000500170001000800410002702000150006804000250008308200150010824501430012326000400026630000360030649000120034250001230035470000500047770000390052770000400056683000180060604900090062495201130063399900170074600001276520240306073902.0091117s2004 dr ac 000 0 spa d a8482616838 aDO-SdBNPbspacBNPHU axxxxbM42500aMatemáticas 5 /cdirección editorial Obdulia García de Escobar ; ilustración Edward Reyes Colón ; editor Andrés Molina Moloon. aSanto Domingo :bSantillana,c2004. a191 p. :bil., retrs. ;c28 cm.1 aÁmbar aEste libro ha sido realizado de conformidad con el currículum vigente y ha sido sometido a la aprobación de la SEE1 aGarcía Escobar, Obdulia deedir. ed.9292201 aReyes Colón, Edward,eil.9292571 aMolina, Moloon, Andréseed.96595 0aÁmbar96599 aBNPD 0010718PDaPDbPDcCTd2009-11-17iLF1l0oxxxx M425p12765-10r2020-06-25w2020-06-25yLFPDZNo se presta c12416d12416